Antologi sastera Tiongkok / (Record no. 86553)

MARC details
000 -LEADER
fixed length control field 00640cam a22002171a 4500
001 - CONTROL NUMBER
control field sa 68015605
003 - CONTROL NUMBER IDENTIFIER
control field DLC
005 - DATE AND TIME OF LATEST TRANSACTION
control field 20260227112645.0
008 - FIXED-LENGTH DATA ELEMENTS--GENERAL INFORMATION
fixed length control field 860429s1966 io 000 0 ind
010 ## - LIBRARY OF CONGRESS CONTROL NUMBER
LC control number sa 68015605
035 ## - SYSTEM CONTROL NUMBER
System control number (OCoLC)23573090
040 ## - CATALOGING SOURCE
Original cataloging agency DLC
Transcribing agency MiU
Modifying agency MiDW
-- DLC
050 00 - LIBRARY OF CONGRESS CALL NUMBER
Classification number PL5093.C5
Item number N5
100 1# - MAIN ENTRY--PERSONAL NAME
Personal name Nio, Joe Lan,
Dates associated with a name 1904-1973.
245 10 - TITLE STATEMENT
Title Antologi sastera Tiongkok /
Statement of responsibility, etc. [oleh] Nio Joe Lan.
260 ## - PUBLICATION, DISTRIBUTION, ETC.
Place of publication, distribution, etc. Djakarta :
Name of publisher, distributor, etc. Gunung Agung,
Date of publication, distribution, etc. 1966.
300 ## - PHYSICAL DESCRIPTION
Extent 172 p. ;
Dimensions 22 cm.
500 ## - GENERAL NOTE
General note In Indonesian.
650 #0 - SUBJECT ADDED ENTRY--TOPICAL TERM
Topical term or geographic name entry element Chinese literature
General subdivision Translations into Indonesian.
650 #0 - SUBJECT ADDED ENTRY--TOPICAL TERM
Topical term or geographic name entry element Chinese literature (Indonesian).

No items available.

Powered by Koha